[Event "Is Bankasi Online Satranc Turn.13-14 Yas"]
[Site "T#645826Mustafa Kemal"]
[Date "2020.05.08"]
[Round "1"]
[White "Abdullahmertan32"]
[Black "Sametcelebi04"]
[Result "1-0"]
[WhiteElo "1620"]
[BlackElo "1620"]
[Annotator "NA RC"]
[PlyCount "87"]
[EventDate "2020.05.08"]
[EventType "swiss (blitz)"]

1. e4 {[%emt 0:00:05]} e5 {[%emt 0:00:01]} 2. Nf3 {[%emt 0:00:02]} Nf6 {[%emt 0:00:03]} 3. Nxe5 {[%emt 0:00:08]} Nxe4 {[%emt 0:00:02]} 4. Qe2 {[%emt 0:00:02]} Qe7 {[%emt 0:00:02]} 5. Qxe4 {[%emt 0:00:02]} d6 {[%emt 0:00:01]} 6. d4 {[%emt 0:00:11]} dxe5 {[%emt 0:00:02]} 7. Qxe5 {[%emt 0:00:05]} Nc6 {[%emt 0:00:04]} 8. Qxe7+ {[%emt 0:00:08]} Nxe7 {[%emt 0:00:04]} 9. Bd3 {[%emt 0:00:04]} g6 {[%emt 0:00:05]} 10. c3 {[%emt 0:00:10]} Bg7 {[%emt 0:00:06]} 11. O-O {[%emt 0:00:02]} Bf5 {[%emt 0:00:05]} 12. Bxf5 {[%emt 0:00:02]} Nxf5 {[%emt 0:00:03]} 13. Bf4 {[%emt 0:00:02]} Rc8 {[%emt 0:00:07]} 14. Re1+ {[%emt 0:00:03]} Ne7 {[%emt 0:00:06]} 15. Nd2 {[%emt 0:00:02]} Bf6 {[%emt 0:00:04]} 16. Nf3 {[%emt 0:00:06]} O-O {[%emt 0:00:10]} 17. Bg5 {[%emt 0:00:07]} Bxg5 {[%emt 0:00:06]} 18. Nxg5 {[%emt 0:00:00]} Rce8 {[%emt 0:00:06]} 19. Re2 {[%emt 0:00:06]} f6 {[%emt 0:00:03]} 20. Ne6 {[%emt 0:00:03]} Rf7 {[%emt 0:00:10]} 21. Nxc7 {[%emt 0:00:09]} Rc8 {[%emt 0:00:01]} 22. Nb5 {[%emt 0:00:08]} Nf5 {[%emt 0:00:09]} 23. g4 {[%emt 0:00:11]} Nh4 {[%emt 0:00:09]} 24. Nd6 {[%emt 0:00:02]} Nf3+ {[%emt 0:00:09]} 25. Kg2 {[%emt 0:00:02]} Ng5 {[%emt 0:00:15]} 26. h4 {[%emt 0:00:13]} Ne6 {[%emt 0:00:09]} 27. Rxe6 {[%emt 0:00:06]} Rcf8 {[%emt 0:00:05]} 28. Nxf7 {[%emt 0:00:02]} Rxf7 {[%emt 0:00:01]} 29. Rae1 {[%emt 0:00:01]} Kg7 {[%emt 0:00:04]} 30. Re7 {[%emt 0:00:03]} Kf8 {[%emt 0:00:04]} 31. Rxf7+ {[%emt 0:00:02]} Kxf7 {[%emt 0:00:01]} 32. f4 {[%emt 0:00:00]} Kg7 {[%emt 0:00:01]} 33. Re7+ {[%emt 0:00:03]} Kf8 {[%emt 0:00:03]} 34. Rxb7 {[%emt 0:00:00]} h6 {[%emt 0:00:02]} 35. Rxa7 {[%emt 0:00:02]} f5 {[%emt 0:00:02]} 36. gxf5 {[%emt 0:00:02]} gxf5 {[%emt 0:00:01]} 37. d5 {[%emt 0:00:02]} Ke8 {[%emt 0:00:02]} 38. Kf2 {[%emt 0:00:01]} h5 {[%emt 0:00:02]} 39. Ke3 {[%emt 0:00:00]} Kd8 {[%emt 0:00:01]} 40. Kd4 {[%emt 0:00:01]} Kc8 {[%emt 0:00:01]} 41. Kc5 {[%emt 0:00:02]} Kb8 {[%emt 0:00:01]} 42. Rh7 {[%emt 0:00:02]} Kc8 {[%emt 0:00:02]} 43. Kd6 {[%emt 0:00:01]} Kd8 {[%emt 0:00:02]} 44. Rh8# {[%emt 0:00:01] (Lag: Av=0.83s, max=2.1s)} 1-0

[Event "Is Bankasi Online Satranc Turn.13-14 Yas"]
[Site "T#645826Mustafa Kemal"]
[Date "2020.05.08"]
[Round "1"]
[White "Ahmetkeremguve10"]
[Black "Eminefeasci04"]
[Result "1/2-1/2"]
[WhiteElo "1620"]
[BlackElo "1620"]
[Annotator "NA RC"]
[PlyCount "134"]
[EventDate "2020.05.08"]
[EventType "swiss (blitz)"]

1. d4 {[%emt 0:00:04]} Nf6 {[%emt 0:00:03]} 2. c4 {[%emt 0:00:01]} e6 {[%emt 0:00:01]} 3. Nf3 {[%emt 0:00:03]} d5 {[%emt 0:00:02]} 4. e3 {[%emt 0:00:07]} Bd6 {[%emt 0:00:04]} 5. Be2 {[%emt 0:00:03]} O-O {[%emt 0:00:04]} 6. O-O {[%emt 0:00:02]} c6 {[%emt 0:00:12]} 7. Nc3 {[%emt 0:00:03]} Re8 {[%emt 0:00:13]} 8. Qc2 {[%emt 0:00:07]} Nbd7 {[%emt 0:00:06]} 9. b3 {[%emt 0:00:04]} e5 {[%emt 0:00:03]} 10. Bb2 {[%emt 0:00:16]} exd4 {[%emt 0:00:15]} 11. exd4 {[%emt 0:00:03]} dxc4 {[%emt 0:00:20]} 12. bxc4 {[%emt 0:00:24]} Bc7 {[%emt 0:00:03]} 13. Bd3 {[%emt 0:00:04]} Nb6 {[%emt 0:00:10]} 14. Rac1 {[%emt 0:00:40]} Be6 {[%emt 0:00:12]} 15. Ne4 {[%emt 0:00:13]} Nxe4 {[%emt 0:00:22]} 16. Bxe4 {[%emt 0:00:02]} g6 {[%emt 0:00:02]} 17. d5 {[%emt 0:00:18]} Bd7 {[%emt 0:00:06]} 18. Qc3 {[%emt 0:00:16]} f6 {[%emt 0:00:39]} 19. Rfe1 {[%emt 0:00:30]} Be5 {[%emt 0:00:18]} 20. Nxe5 {[%emt 0:00:08]} Rxe5 {[%emt 0:00:00]} 21. Qg3 {[%emt 0:00:03]} Rg5 {[%emt 0:00:13]} 22. Qf3 {[%emt 0:00:04]} Bg4 {[%emt 0:00:07]} 23. Bxf6 {[%emt 0:00:04]} Bxf3 {[%emt 0:00:03]} 24. Bxd8 {[%emt 0:00:01]} Bxe4 {[%emt 0:00:01]} 25. Bxg5 {[%emt 0:00:01]} Bd3 {[%emt 0:00:02]} 26. Be3 {[%emt 0:00:02]} Bxc4 {[%emt 0:00:01]} 27. a3 {[%emt 0:00:02]} Bxd5 {[%emt 0:00:02]} 28. Bxb6 {[%emt 0:00:02]} axb6 {[%emt 0:00:02]} 29. Re3 {[%emt 0:00:02]} Ra4 {[%emt 0:00:01]} 30. h3 {[%emt 0:00:02]} b5 {[%emt 0:00:04]} 31. Rce1 {[%emt 0:00:05]} b4 {[%emt 0:00:02]} 32. axb4 {[%emt 0:00:02]} Rxb4 {[%emt 0:00:00]} 33. Re8+ {[%emt 0:00:01]} Kg7 {[%emt 0:00:00]} 34. R8e7+ {[%emt 0:00:02]} Kh6 {[%emt 0:00:01]} 35. R7e3 {[%emt 0:00:02]} b5 {[%emt 0:00:03]} 36. Rc3 {[%emt 0:00:02]} Rd4 {[%emt 0:00:05]} 37. Rec1 {[%emt 0:00:02]} Rd2 {[%emt 0:00:02]} 38. Kf1 {[%emt 0:00:02]} Bc4+ {[%emt 0:00:03]} 39. Rxc4 {[%emt 0:00:02]} bxc4 {[%emt 0:00:02]} 40. Rxc4 {[%emt 0:00:01]} Rd6 {[%emt 0:00:00]} 41. f3 {[%emt 0:00:01]} Kg5 {[%emt 0:00:03]} 42. Kf2 {[%emt 0:00:01]} Kf5 {[%emt 0:00:02]} 43. g4+ {[%emt 0:00:02]} Ke5 {[%emt 0:00:01]} 44. Ke3 {[%emt 0:00:01]} Kd5 {[%emt 0:00:04]} 45. Rd4+ {[%emt 0:00:01]} Ke5 {[%emt 0:00:02]} 46. Rxd6 {[%emt 0:00:01]} Kxd6 {[%emt 0:00:00]} 47. Kd4 {[%emt 0:00:01]} c5+ {[%emt 0:00:01]} 48. Kc4 {[%emt 0:00:02]} Ke5 {[%emt 0:00:08]} 49. Kxc5 {[%emt 0:00:02]} Kf4 {[%emt 0:00:00]} 50. h4 {[%emt 0:00:03]} Kxf3 {[%emt 0:00:01]} 51. h5 {[%emt 0:00:02]} gxh5 {[%emt 0:00:04]} 52. gxh5 {[%emt 0:00:01]} Kf4 {[%emt 0:00:00]} 53. h6 {[%emt 0:00:01]} Kf5 {[%emt 0:00:01]} 54. Kd4 {[%emt 0:00:01]} Kg5 {[%emt 0:00:01]} 55. Ke3 {[%emt 0:00:01]} Kxh6 {[%emt 0:00:01]} 56. Kf3 {[%emt 0:00:01]} Kh5 {[%emt 0:00:01]} 57. Kg2 {[%emt 0:00:01]} Kh4 {[%emt 0:00:01]} 58. Kh2 {[%emt 0:00:01]} h5 {[%emt 0:00:01]} 59. Kg2 {[%emt 0:00:03]} Kg4 {[%emt 0:00:02]} 60. Kh2 {[%emt 0:00:01]} Kf4 {[%emt 0:00:11]} 61. Kg2 {[%emt 0:00:02]} h4 {[%emt 0:00:04]} 62. Kh3 {[%emt 0:00:02]} Kg5 {[%emt 0:00:00]} 63. Kh2 {[%emt 0:00:01]} Kh5 {[%emt 0:00:00]} 64. Kh3 {[%emt 0:00:01]} Kg5 {[%emt 0:00:00]} 65. Kh2 {[%emt 0:00:01]} Kg4 {[%emt 0:00:00]} 66. Kg2 {[%emt 0:00:01]} Kf4 {[%emt 0:00:01]} 67. Kh3 {[%emt 0:00:01]} Kg5 {[%emt 0:00:01] (Lag: Av=0.64s, max=6.1s)} 1/2-1/2

[Event "Is Bankasi Online Satranc Turn.13-14 Yas"]
[Site "T#645826Mustafa Kemal"]
[Date "2020.05.08"]
[Round "1"]
[White "Aleksculcu44"]
[Black "Sarpkagankoca32"]
[Result "0-1"]
[WhiteElo "1620"]
[BlackElo "1620"]
[Annotator "NA RC"]
[PlyCount "64"]
[EventDate "2020.05.08"]
[EventType "swiss (blitz)"]

1. e4 {[%emt 0:00:03]} e6 {[%emt 0:00:02]} 2. Nf3 {[%emt 0:00:02]} d5 {[%emt 0:00:01]} 3. c3 {[%emt 0:00:12]} (3. exd5 exd5 4. d4 Bd6 5. Bd3 Nf6 6. O-O O-O 7. Re1 Na6 8. Bg5 Nb4 9. Be2 Bf5 10. Na3 (10. c3 Nc2) 10... c6 11. c3 Na6 12. Bxf6 Qxf6) 3... dxe4 {[%emt 0:00:10]} 4. Nh4 {[%emt 0:00:13]} (4. Nd4 Bc5 5. Nb3 Bb6 6. Bc4 Nf6 7. O-O O-O 8. Re1 Nc6 9. h3 Ne5 10. Bb5 c6 11. Be2 Nd3 12. Bxd3 exd3 13. Qf3 c5 14. Na3) 4... Qxh4 {[%emt 0:00:04]} 5. g3 {[%emt 0:00:02]} Qd8 {[%emt 0:00:12]} 6. Bb5+ {[%emt 0:00:09]} c6 {[%emt 0:00:03]} 7. Ba4 {[%emt 0:00:02]} Nf6 {[%emt 0:00:07]} 8. f3 {[%emt 0:00:16]} Bc5 {[%emt 0:00:17]} 9. fxe4 {[%emt 0:00:08]} Nxe4 {[%emt 0:00:00]} 10. Qf3 {[%emt 0:00:12]} Nf6 {[%emt 0:00:20]} 11. d3 {[%emt 0:00:11]} O-O {[%emt 0:00:03]} 12. d4 {[%emt 0:00:11]} Bb6 {[%emt 0:00:06]} 13. h3 {[%emt 0:00:10]} Bd7 {[%emt 0:00:04]} 14. g4 {[%emt 0:00:06]} c5 {[%emt 0:00:06]} 15. Bxd7 {[%emt 0:00:08]} Qxd7 {[%emt 0:00:02]} 16. Qd3 {[%emt 0:00:09]} cxd4 {[%emt 0:00:07]} 17. cxd4 {[%emt 0:00:01]} Qxd4 {[%emt 0:00:01]} 18. Qxd4 {[%emt 0:00:03]} Bxd4 {[%emt 0:00:00]} 19. Rf1 {[%emt 0:00:07]} Nc6 {[%emt 0:00:13]} 20. Bg5 {[%emt 0:00:11]} Bxb2 {[%emt 0:00:08]} 21. Bxf6 {[%emt 0:00:12]} gxf6 {[%emt 0:00:03]} 22. Rxf6 {[%emt 0:00:07]} (22. Nd2 Bxa1 23. Ne4) 22... Bxf6 {[%emt 0:00:00]} 23. Nc3 {[%emt 0:00:11]} Bxc3+ {[%emt 0:00:02]} 24. Kd1 {[%emt 0:00:04]} Bxa1 {[%emt 0:00:00]} 25. Kc1 {[%emt 0:00:02]} Bf6 {[%emt 0:00:04]} 26. Kc2 {[%emt 0:00:01]} Rac8 {[%emt 0:00:01]} 27. Kd2 {[%emt 0:00:02]} Rfd8+ {[%emt 0:00:01]} 28. Ke2 {[%emt 0:00:01]} Nb4 {[%emt 0:00:04]} 29. Kf3 {[%emt 0:00:01]} Rc4 {[%emt 0:00:02]} 30. Kg3 {[%emt 0:00:01]} Rd3+ {[%emt 0:00:02]} 31. Kh2 {[%emt 0:00:06]} (31. Kf2 Rc2+ 32. Ke1 Bc3+ 33. Kf1 Rd1#) 31... Rc2+ {[%emt 0:00:00]} 32. Kh1 {[%emt 0:00:02]} Rd1# {[%emt 0:00:00] (Lag: Av=0.49s, max=0.9s)} 0-1

[Event "Is Bankasi Online Satranc Turn.13-14 Yas"]
[Site "T#645826Mustafa Kemal"]
[Date "2020.05.08"]
[Round "1"]
[White "Alitutuncu38"]
[Black "Refikefegani36"]
[Result "0-1"]
[WhiteElo "1620"]
[BlackElo "1620"]
[Annotator "NA RC"]
[PlyCount "98"]
[EventDate "2020.05.08"]
[EventType "swiss (blitz)"]

1. e4 {[%emt 0:00:02]} c5 {[%emt 0:00:02]} 2. Nc3 {[%emt 0:00:02]} Nc6 {[%emt 0:00:01]} 3. g3 {[%emt 0:00:01]} g6 {[%emt 0:00:02]} 4. Bg2 {[%emt 0:00:02]} Bg7 {[%emt 0:00:01]} 5. d3 {[%emt 0:00:01]} d6 {[%emt 0:00:02]} 6. Be3 {[%emt 0:00:01]} e5 {[%emt 0:00:02]} 7. Nh3 {[%emt 0:00:04]} Nge7 {[%emt 0:00:04]} 8. f4 {[%emt 0:00:03]} O-O {[%emt 0:00:19]} 9. O-O {[%emt 0:00:03]} Nd4 {[%emt 0:00:09]} 10. Qd2 {[%emt 0:00:08]} f5 {[%emt 0:00:08]} 11. Nd1 {[%emt 0:00:03]} Bd7 {[%emt 0:00:56]} 12. c3 {[%emt 0:00:05]} Ne6 {[%emt 0:00:01]} 13. exf5 {[%emt 0:00:49]} Rxf5 {[%emt 0:00:10]} 14. Bxb7 {[%emt 0:00:05]} Rb8 {[%emt 0:00:03]} 15. Be4 {[%emt 0:00:02]} Rf8 {[%emt 0:00:04]} 16. Bg2 {[%emt 0:00:25]} d5 {[%emt 0:00:18]} 17. Qe2 {[%emt 0:00:15]} d4 {[%emt 0:00:12]} 18. cxd4 {[%emt 0:00:06]} exf4 {[%emt 0:00:13]} 19. Nxf4 {[%emt 0:00:05]} Nxd4 {[%emt 0:00:01]} 20. Qd2 {[%emt 0:00:11]} Nef5 {[%emt 0:00:04]} 21. Bd5+ {[%emt 0:00:29]} Kh8 {[%emt 0:00:04]} 22. Rc1 {[%emt 0:00:02]} Nxe3 {[%emt 0:00:26]} 23. Nxe3 {[%emt 0:00:02]} Rxb2 {[%emt 0:00:09]} 24. Qxb2 {[%emt 0:00:08]} Nf3+ {[%emt 0:00:02]} 25. Bxf3 {[%emt 0:00:02]} Bxb2 {[%emt 0:00:04]} 26. Rb1 {[%emt 0:00:06]} Bd4 {[%emt 0:00:01]} 27. Nfd5 {[%emt 0:00:01]} Bc6 {[%emt 0:00:05]} 28. Kg2 {[%emt 0:00:23]} Rxf3 {[%emt 0:00:09]} 29. Rxf3 {[%emt 0:00:01]} Bxd5 {[%emt 0:00:01]} 30. Nxd5 {[%emt 0:00:01]} Qxd5 {[%emt 0:00:01]} 31. Rbf1 {[%emt 0:00:00]} Bg7 {[%emt 0:00:02]} 32. h3 {[%emt 0:00:04]} Qxa2+ {[%emt 0:00:01]} 33. Kh1 {[%emt 0:00:01]} Qd5 {[%emt 0:00:01]} 34. Kh2 {[%emt 0:00:02]} a5 {[%emt 0:00:01]} 35. R1f2 {[%emt 0:00:01]} a4 {[%emt 0:00:01]} 36. Re3 {[%emt 0:00:01]} h6 {[%emt 0:00:02]} 37. Re8+ {[%emt 0:00:02]} Kh7 {[%emt 0:00:01]} 38. Rb8 {[%emt 0:00:01]} Qxd3 {[%emt 0:00:02]} 39. Rb7 {[%emt 0:00:01]} Qd4 {[%emt 0:00:02]} 40. Rff7 {[%emt 0:00:01]} a3 {[%emt 0:00:01]} 41. Ra7 {[%emt 0:00:02]} Qb2+ {[%emt 0:00:03]} 42. Kh1 {[%emt 0:00:02]} a2 {[%emt 0:00:01]} 43. Rf1 {[%emt 0:00:03]} c4 {[%emt 0:00:04]} 44. h4 {[%emt 0:00:04]} c3 {[%emt 0:00:01]} 45. h5 {[%emt 0:00:03]} c2 {[%emt 0:00:02]} 46. hxg6+ {[%emt 0:00:05]} Kxg6 {[%emt 0:00:00]} 47. Ra6+ {[%emt 0:00:00]} Bf6 {[%emt 0:00:01]} 48. Raxf6+ {[%emt 0:00:10]} Qxf6 {[%emt 0:00:01]} 49. Rxf6+ {[%emt 0:00:02]} Kxf6 {[%emt 0:00:00] Zaman (Lag: Av=0.72s, max=5.3s)} 0-1

[Event "Is Bankasi Online Satranc Turn.13-14 Yas"]
[Site "T#645826Mustafa Kemal"]
[Date "2020.05.08"]
[Round "1"]
[White "Berkaysavasan12"]
[Black "Efekucuknane86"]
[Result "0-1"]
[WhiteElo "1620"]
[BlackElo "1620"]
[Annotator "NA RC"]
[PlyCount "52"]
[EventDate "2020.05.08"]
[EventType "swiss (blitz)"]

1. d4 {[%emt 0:00:05]} Nf6 {[%emt 0:00:02]} 2. Bf4 {[%emt 0:00:04]} d5 {[%emt 0:00:02]} 3. e3 {[%emt 0:00:04]} c5 {[%emt 0:00:02]} 4. c4 {[%emt 0:00:22]} Nc6 {[%emt 0:00:18]} 5. Nc3 {[%emt 0:00:09]} e6 {[%emt 0:00:09]} 6. Nf3 {[%emt 0:00:06]} Be7 {[%emt 0:00:13]} 7. Bd3 {[%emt 0:00:03]} O-O {[%emt 0:00:02]} 8. O-O {[%emt 0:00:04]} dxc4 {[%emt 0:00:01]} 9. Bxc4 {[%emt 0:00:08]} cxd4 {[%emt 0:00:04]} 10. exd4 {[%emt 0:00:04]} a6 {[%emt 0:00:11]} 11. Re1 {[%emt 0:00:06]} b5 {[%emt 0:00:04]} 12. d5 {[%emt 0:00:29]} Na5 {[%emt 0:00:25]} 13. Bb3 {[%emt 0:00:06]} Nxb3 {[%emt 0:00:04]} 14. axb3 {[%emt 0:00:02]} Ra7 {[%emt 0:00:11]} 15. dxe6 {[%emt 0:00:05]} Bxe6 {[%emt 0:00:03]} 16. Qxd8 {[%emt 0:00:14]} Rxd8 {[%emt 0:00:03]} 17. Nxb5 {[%emt 0:00:05]} Rb7 {[%emt 0:00:11]} 18. Nbd4 {[%emt 0:00:12]} Nd5 {[%emt 0:00:30]} 19. Nc6 {[%emt 0:00:08]} Rdd7 {[%emt 0:00:06]} 20. Nce5 {[%emt 0:00:14]} Rd8 {[%emt 0:00:08]} 21. Bg3 {[%emt 0:00:23]} Rxb3 {[%emt 0:00:12]} 22. Nc6 {[%emt 0:00:04]} Rd7 {[%emt 0:00:05]} 23. Nxe7+ {[%emt 0:00:02]} Rxe7 {[%emt 0:00:03]} 24. Rxa6 {[%emt 0:00:02]} Rxb2 {[%emt 0:00:06]} 25. Ng5 {[%emt 0:00:03]} Bc8 {[%emt 0:00:26]} 26. Ra8 {[%emt 0:00:09]} Rxe1# {[%emt 0:00:02] (Lag: Av=0.89s, max=2.4s)} 0-1

[Event "Is Bankasi Online Satranc Turn.13-14 Yas"]
[Site "T#645826Mustafa Kemal"]
[Date "2020.05.08"]
[Round "1"]
[White "Cavittankilica52"]
[Black "Dorukulker32"]
[Result "0-1"]
[WhiteElo "1620"]
[BlackElo "1620"]
[Annotator "NA RC"]
[PlyCount "44"]
[EventDate "2020.05.08"]
[EventType "swiss (blitz)"]

1. e4 {[%emt 0:00:06]} c5 {[%emt 0:00:01]} 2. Nf3 {[%emt 0:00:01]} e6 {[%emt 0:00:01]} 3. d3 {[%emt 0:00:00]} Nc6 {[%emt 0:00:03]} 4. d4 {[%emt 0:00:02]} cxd4 {[%emt 0:00:02]} 5. Nxd4 {[%emt 0:00:01]} Nf6 {[%emt 0:00:29]} 6. Nxc6 {[%emt 0:00:06]} bxc6 {[%emt 0:00:03]} 7. Bd3 {[%emt 0:00:02]} d5 {[%emt 0:00:02]} 8. exd5 {[%emt 0:00:17]} cxd5 {[%emt 0:00:02]} 9. O-O {[%emt 0:00:02]} Bd6 {[%emt 0:00:03]} 10. Bg5 {[%emt 0:00:05]} Bb7 {[%emt 0:00:16]} 11. Na3 {[%emt 0:00:20]} a6 {[%emt 0:00:07]} 12. c4 {[%emt 0:00:10]} O-O {[%emt 0:00:28]} 13. Re1 {[%emt 0:00:26]} h6 {[%emt 0:00:28]} 14. Bxf6 {[%emt 0:00:09]} Qxf6 {[%emt 0:00:03]} 15. Rb1 {[%emt 0:00:43]} Rfd8 {[%emt 0:00:19]} 16. b4 {[%emt 0:00:13]} Qg5 {[%emt 0:00:44]} 17. Bf1 {[%emt 0:00:35]} dxc4 {[%emt 0:00:07]} 18. Nxc4 {[%emt 0:00:03]} Bxh2+ {[%emt 0:00:01]} 19. Kh1 {[%emt 0:00:10]} Rxd1 {[%emt 0:00:10]} 20. Rexd1 {[%emt 0:00:01]} Bc7 {[%emt 0:00:05]} 21. Rd2 {[%emt 0:00:01]} Qh4+ {[%emt 0:00:01]} 22. Kg1 {[%emt 0:00:04]} Qh2# {[%emt 0:00:01] (Lag: Av=1.01s, max=1.3s)} 0-1

[Event "Is Bankasi Online Satranc Turn.13-14 Yas"]
[Site "T#645826Mustafa Kemal"]
[Date "2020.05.08"]
[Round "1"]
[White "Cemeyyam86"]
[Black "Mustafaarasdon36"]
[Result "1-0"]
[WhiteElo "1620"]
[BlackElo "1620"]
[Annotator "NA RC"]
[PlyCount "73"]
[EventDate "2020.05.08"]
[EventType "swiss (blitz)"]

1. d4 {[%emt 0:00:04]} d5 {[%emt 0:00:03]} 2. c4 {[%emt 0:00:02]} c6 {[%emt 0:00:03]} 3. cxd5 {[%emt 0:00:02]} cxd5 {[%emt 0:00:01]} 4. Nc3 {[%emt 0:00:01]} Nf6 {[%emt 0:00:02]} 5. Nf3 {[%emt 0:00:07]} Bf5 {[%emt 0:00:06]} 6. Bf4 {[%emt 0:00:04]} Nc6 {[%emt 0:00:04]} 7. Rc1 {[%emt 0:00:03]} e6 {[%emt 0:00:04]} 8. a3 {[%emt 0:00:07]} Be7 {[%emt 0:00:07]} 9. e3 {[%emt 0:00:07]} O-O {[%emt 0:00:03]} 10. Bd3 {[%emt 0:00:05]} Bxd3 {[%emt 0:00:07]} 11. Qxd3 {[%emt 0:00:03]} Qa5 {[%emt 0:00:03]} 12. O-O {[%emt 0:00:04]} Ng4 {[%emt 0:00:21]} 13. h3 {[%emt 0:00:18]} Nf6 {[%emt 0:00:04]} 14. Bg5 {[%emt 0:00:04]} h6 {[%emt 0:00:03]} 15. Bh4 {[%emt 0:00:08]} Qc7 {[%emt 0:00:09]} 16. Bg3 {[%emt 0:00:02]} Bd6 {[%emt 0:00:01]} 17. Nb5 {[%emt 0:00:08]} Qd7 {[%emt 0:00:19]} 18. Nxd6 {[%emt 0:00:03]} Ne4 {[%emt 0:00:08]} 19. Bh2 {[%emt 0:00:07]} Nxd6 {[%emt 0:00:03]} 20. Bxd6 {[%emt 0:00:02]} Qxd6 {[%emt 0:00:02]} 21. Rc2 {[%emt 0:00:10]} Rac8 {[%emt 0:00:03]} 22. Rfc1 {[%emt 0:00:03]} Qc7 {[%emt 0:00:13]} 23. Qc3 {[%emt 0:00:47]} Qd7 {[%emt 0:00:00]} 24. Qb3 {[%emt 0:00:25]} Na5 {[%emt 0:00:13]} 25. Qd3 {[%emt 0:00:08]} Nc6 {[%emt 0:00:05]} 26. Qe2 {[%emt 0:00:06]} Qd6 {[%emt 0:00:08]} 27. Ne5 {[%emt 0:00:11]} Nxe5 {[%emt 0:00:14]} 28. Rxc8 {[%emt 0:00:02]} Rxc8 {[%emt 0:00:10]} 29. Rxc8+ {[%emt 0:00:00]} Kh7 {[%emt 0:00:02]} 30. dxe5 {[%emt 0:00:01]} Qxe5 {[%emt 0:00:02]} 31. Qd3+ {[%emt 0:00:02]} f5 {[%emt 0:00:06]} 32. Qd4 {[%emt 0:00:03]} Qd6 {[%emt 0:00:06]} 33. Rc1 {[%emt 0:00:05]} Qe7 {[%emt 0:00:17]} 34. f4 {[%emt 0:00:07]} Qd6 {[%emt 0:00:20]} 35. Qe5 {[%emt 0:00:02]} Qe7 {[%emt 0:00:05]} 36. Rc7 {[%emt 0:00:02]} Qe8 {[%emt 0:00:06]} 37. Qxg7# {[%emt 0:00:02] (Lag: Av=0.95s, max=2.5s)} 1-0

[Event "Is Bankasi Online Satranc Turn.13-14 Yas"]
[Site "T#645826Mustafa Kemal"]
[Date "2020.05.08"]
[Round "1"]
[White "Civangurbuz34"]
[Black "Alikarakilinc90"]
[Result "0-1"]
[WhiteElo "1620"]
[BlackElo "1620"]
[Annotator "NA RC"]
[PlyCount "108"]
[EventDate "2020.05.08"]
[EventType "swiss (blitz)"]

1. e4 {[%emt 0:00:06]} e5 {[%emt 0:00:02]} 2. Bc4 {[%emt 0:00:02]} Nf6 {[%emt 0:00:02]} 3. d3 {[%emt 0:00:02]} Nc6 {[%emt 0:00:01]} 4. Bg5 {[%emt 0:00:08]} Be7 {[%emt 0:00:02]} 5. Bxf6 {[%emt 0:00:03]} Bxf6 {[%emt 0:00:02]} 6. c3 {[%emt 0:00:08]} d6 {[%emt 0:00:01]} 7. Qf3 {[%emt 0:00:10]} O-O {[%emt 0:00:05]} 8. h4 {[%emt 0:00:08]} Be6 {[%emt 0:00:04]} 9. h5 {[%emt 0:00:10]} h6 {[%emt 0:00:06]} 10. Nd2 {[%emt 0:00:07]} Bg5 {[%emt 0:00:07]} 11. Nh3 {[%emt 0:00:08]} Bxd2+ {[%emt 0:00:08]} 12. Kxd2 {[%emt 0:00:02]} Bxc4 {[%emt 0:00:04]} 13. dxc4 {[%emt 0:00:02]} Qe7 {[%emt 0:00:08]} 14. g4 {[%emt 0:00:05]} f6 {[%emt 0:00:09]} 15. Qe3 {[%emt 0:00:12]} Nd8 {[%emt 0:00:05]} 16. Rag1 {[%emt 0:00:12]} Ne6 {[%emt 0:00:04]} 17. a3 {[%emt 0:00:05]} c6 {[%emt 0:00:04]} 18. f4 {[%emt 0:00:05]} exf4 {[%emt 0:00:03]} 19. Nxf4 {[%emt 0:00:01]} Nxf4 {[%emt 0:00:02]} 20. Qxf4 {[%emt 0:00:01]} Qe5 {[%emt 0:00:02]} 21. Qe3 {[%emt 0:00:12]} Rfe8 {[%emt 0:00:07]} 22. Re1 {[%emt 0:00:09]} a6 {[%emt 0:00:04]} 23. Rhg1 {[%emt 0:00:05]} Rad8 {[%emt 0:00:03]} 24. Kc2 {[%emt 0:00:04]} d5 {[%emt 0:00:07]} 25. cxd5 {[%emt 0:00:04]} cxd5 {[%emt 0:00:01]} 26. Qg3 {[%emt 0:00:10]} dxe4 {[%emt 0:00:04]} 27. g5 {[%emt 0:00:04]} fxg5 {[%emt 0:00:07]} 28. Qe3 {[%emt 0:00:08]} Qf4 {[%emt 0:00:11]} 29. Qxf4 {[%emt 0:00:04]} gxf4 {[%emt 0:00:02]} 30. Rg2 {[%emt 0:00:06]} Kf7 {[%emt 0:00:07]} 31. Reg1 {[%emt 0:00:02]} Rg8 {[%emt 0:00:04]} 32. Rg4 {[%emt 0:00:05]} f3 {[%emt 0:00:38]} 33. Rxe4 {[%emt 0:00:03]} Rd6 {[%emt 0:00:02]} 34. Rf4+ {[%emt 0:00:08]} Rf6 {[%emt 0:00:03]} 35. Rxf6+ {[%emt 0:00:01]} Kxf6 {[%emt 0:00:01]} 36. Rf1 {[%emt 0:00:01]} Kg5 {[%emt 0:00:12]} 37. Rxf3 {[%emt 0:00:01]} Kxh5 {[%emt 0:00:01]} 38. Rf7 {[%emt 0:00:02]} b5 {[%emt 0:00:02]} 39. Ra7 {[%emt 0:00:03]} g5 {[%emt 0:00:02]} 40. Rxa6 {[%emt 0:00:01]} g4 {[%emt 0:00:02]} 41. Ra5 {[%emt 0:00:01]} Rg5 {[%emt 0:00:04]} 42. a4 {[%emt 0:00:19]} bxa4 {[%emt 0:00:05]} 43. Rxg5+ {[%emt 0:00:03]} Kxg5 {[%emt 0:00:02]} 44. Kd2 {[%emt 0:00:01]} Kf4 {[%emt 0:00:05]} 45. Ke2 {[%emt 0:00:03]} h5 {[%emt 0:00:06]} 46. c4 {[%emt 0:00:01]} h4 {[%emt 0:00:01]} 47. c5 {[%emt 0:00:01]} h3 {[%emt 0:00:01]} 48. Kf1 {[%emt 0:00:02]} g3 {[%emt 0:00:01]} 49. Kg1 {[%emt 0:00:03]} Kf3 {[%emt 0:00:01]} 50. c6 {[%emt 0:00:02]} h2+ {[%emt 0:00:09]} 51. Kh1 {[%emt 0:00:01]} Kf2 {[%emt 0:00:04]} 52. c7 {[%emt 0:00:02]} g2+ {[%emt 0:00:01]} 53. Kxh2 {[%emt 0:00:01]} g1=Q+ {[%emt 0:00:01]} 54. Kh3 {[%emt 0:00:02]} Qg3# {[%emt 0:00:02] (Lag: Av=0.63s, max=6.9s)} 0-1

[Event "Is Bankasi Online Satranc Turn.13-14 Yas"]
[Site "T#645826Mustafa Kemal"]
[Date "2020.05.08"]
[Round "1"]
[White "Denizozkurt48"]
[Black "Ahmetserveterc84"]
[Result "1-0"]
[WhiteElo "1620"]
[BlackElo "1620"]
[Annotator "NA RC"]
[PlyCount "39"]
[EventDate "2020.05.08"]
[EventType "swiss (blitz)"]

1. e4 {[%emt 0:00:03]} e5 {[%emt 0:00:02]} 2. Nc3 {[%emt 0:00:04]} Nf6 {[%emt 0:00:02]} 3. Bc4 {[%emt 0:00:01]} Nc6 {[%emt 0:00:02]} 4. d3 {[%emt 0:00:02]} Bc5 {[%emt 0:00:02]} 5. f4 {[%emt 0:00:01]} d6 {[%emt 0:00:05]} 6. Nf3 {[%emt 0:00:02]} h6 {[%emt 0:00:03]} 7. Na4 {[%emt 0:00:02]} Bd4 {[%emt 0:00:04]} 8. c3 {[%emt 0:00:05]} Bb6 {[%emt 0:00:02]} 9. Nxb6 {[%emt 0:00:02]} axb6 {[%emt 0:00:02]} 10. O-O {[%emt 0:00:01]} Bg4 {[%emt 0:00:08]} 11. h3 {[%emt 0:00:03]} Bh5 {[%emt 0:00:01]} 12. f5 {[%emt 0:00:02]} Qd7 {[%emt 0:00:10]} 13. g4 {[%emt 0:00:02]} Bxg4 {[%emt 0:00:05]} 14. hxg4 {[%emt 0:00:01]} Nxg4 {[%emt 0:00:01]} 15. Nh2 {[%emt 0:00:18]} Nf6 {[%emt 0:00:08]} 16. Be3 {[%emt 0:00:02]} Qe7 {[%emt 0:00:03]} 17. Qf3 {[%emt 0:00:04]} Ng4 {[%emt 0:00:04]} 18. Qxg4 {[%emt 0:00:06]} O-O-O {[%emt 0:00:07]} 19. f6+ {[%emt 0:00:02]} Kb8 {[%emt 0:00:05]} 20. fxe7 {[%emt 0:00:02] Ahmetserveterc84 terk eder (Lag: Av=0.41s, max=0.5s)} 1-0